000 00638nam a2200145Ia 4500
008 100204s9999 xx 000 0 und d
082 _b3607
100 _aगांधी मो. क.
245 _aमहात्मा गांधीचा दैनंदिन विचार
260 _b"महाराष्ट्र गांधी स्मारक निधी , पुणे"
_c1970
300 _a154
630 _aमहात्मा गांधीचा दैनंदिन विचार
730 _aमहात्मा गांधीचा दैनंदिन विचार
942 _cBOOK
999 _c448523
_d448520